Tvorba knižnice pre PLC Simatic na spracovanie referencií výrobkov

Salvato in:
Dettagli Bibliografici
Autore principale: Erős, Viktor (Autore)
Altri autori: Kopček, Michal (Relatore della tesi)
Natura: Manoscritto Libro
Lingua:slovacco
Pubblicazione: 2017
Soggetti:
Accesso online:http://is.stuba.sk/zp/portal_zp.pl?podrobnosti=128108
Tags: Aggiungi Tag
Nessun Tag, puoi essere il primo ad aggiungerne!!

MARC

LEADER 00000ntm a22000003a 4500
001 stuzp60863
003 SK-STU
005 20170610210334.7
007 ta
008 150427s2015----xo-----f-mn---000-0-slo-d
040 |a STU  |b slo 
041 0 |a slo 
100 1 |a Erős, Viktor  |u 066000  |k Z4  |4 aut  |U MTF Materiálovotechnologická fakulta  |T MTF Ústav aplikovanej informatiky, automatizácie a mechatroniky  |X 9110  |U M6000  |Y 86  |7 9110 
242 0 1 |a Design of the Simatic PLC library for processing product references  |y eng 
245 1 0 |a Tvorba knižnice pre PLC Simatic na spracovanie referencií výrobkov 
260 |c 2017 
650 4 |a HMI  |2 slo 
650 4 |a riadiaci program  |2 slo 
650 4 |a dátový blok  |2 slo 
650 4 |a funkčný blok  |2 slo 
650 4 |a TIA Portal  |2 slo 
650 4 |a control program  |2 eng 
650 4 |a TIA Portal  |2 eng 
650 4 |a data block  |2 eng 
650 4 |a function block  |2 eng 
650 4 |a HMI  |2 eng 
700 1 |a Kopček, Michal  |u 066000  |k Z8  |4 ths  |U MTF Materiálovotechnologická fakulta  |T MTF Ústav aplikovanej informatiky, automatizácie a mechatroniky  |X 16383  |U M6000  |Y 86  |7 A000016383 
856 4 |u http://is.stuba.sk/zp/portal_zp.pl?podrobnosti=128108 
996 |c M* DP-13321  |l MMSKP  |s P  |a 0  |w stuzp60863_0001